| 000 | 00369cam a22001097a 4500 | ||
|---|---|---|---|
| 008 | 180718b1960 xxu||||| |||| 00| 0 eng d | ||
| 082 | _aK100x5413 B489 | ||
| 100 | _aBihar Public Service Commission. Appointment Department | ||
| 245 | _aThe Bihar Public Service Commission (limitation of functions) regulations, 1957 | ||
| 260 |
_aPatna _bThe Author _c1960 |
||
| 300 | _a11p. | ||
| 999 |
_c490598 _d490598 |
||